Name the X-Men Movies - Statistics

General Stats
  • This quiz has been taken 61 times
    33 since last reset
  • The average score is 13 of 16
Answer Stats
Year Movie % Correct
2000 X-Men
100%
2009 X-Men Origins: Wolverine
100%
2003 X-2: X-Men United
96%
2016 Deadpool
92%
2019 X-Men: Dark Phoenix
92%
2006 X-Men: The Last Stand
92%
2018 Deadpool 2
88%
2013 The Wolverine
88%
2016 X-Men: Apocalypse
88%
2024 Deadpool and Wolverine
83%
2017 Logan
83%
2014 X-Men: Days of Future Past
83%
2011 X-Men: First Class
79%
2020 The New Mutants
75%
2023 The Marvels
29%
2022 Doctor Strange in the Multiverse of Madness
21%
No matching quizzes found
Score Distribution
Percent of People with Each Score
Percentile by Number Answered
Your Score History
You have not taken this quiz since the last reset